01209nam a2200193Ia 4500001001000000003001000010008004100020040002500061041001300086100001200099245012500111250001100236260009200247300001200339500026000351501011400611520026000725650003000985L220-4049IT-CnALBA170116s9999||||xx |||||||||||||| ||und|| aIT-CnALBAcIT-CnALBA aITALIANO aAA. VV. 0aLA SACRA BIBBIA. VECCHIO TESTAMENTO. LIBRI STORICI. CRONACHE. ESDRA. NEEMIA. TOBIA ESTER. GIUDITTA. MACCABEI. VOL. III.  a1a ed. a FIRENZEbSALANI ADRIANO, CASA EDITRICE c1950 [1° Ed.:1950 - Ed.Ling.Originale: 1950] a516 p.  aTRADUZIONE DAI TESTI ORIGINALI. NOTE CURATORE ISTITUTO BIBLICO DI ROMA. ABBREVIAZIONI. SEGNI DIVERSI. CRONACHE O PARALIPOMENI LIBRO I E II. ESDRA. NEEMIA. TOBIA. ESTER. GIUDITTA. I E II MACCABEI. APPENDICE CRITICA. TAVOLE CARTINE GEOGRAFICHE. APPENDICE CR aSocietà San Paolo EM - Piazza San Paolo, 14 - 12051 ALBA (CN) (non commercial uses only) ® Copyright 2017 aTRADUZIONE DAI TESTI ORIGINALI. NOTE CURATORE ISTITUTO BIBLICO DI ROMA. ABBREVIAZIONI. SEGNI DIVERSI. CRONACHE O PARALIPOMENI LIBRO I E II. ESDRA. NEEMIA. TOBIA. ESTER. GIUDITTA. I E II MACCABEI. APPENDICE CRITICA. TAVOLE CARTINE GEOGRAFICHE. APPENDICE CR aBIBBIA - TESTI E COMMENTI